59. výročné zasadanie Medzinárodného zváračského inštitútu - IIW bolo v Québecku, v Kanade

Podrobná bibliografia
Hlavný autor: Mráz, Ľuboš, 1935- (Autor)
Médium: Článok
Jazyk:slovenčina
Fyzický popis:Fotogr., tab.
ISSN:0044-5525
Predmet:

MARC

LEADER 00000nab a2200000 a 4500
001 vtls008901271
003 SK-MaSNL
005 20260304140008.0
008 250505c2006 xo |||||||||||000 b|slo
015 |a SNBRB2006/12  |2 snkbucl 
035 |a (sysno)vtls008901271 
035 |a urn:nbn:sk:snk-ab6or5 
035 |a (uuid)8a58c2a1-778f-4414-a014-5f40e8dd8079 
035 |a (urnnbn)urn:nbn:sk:snk:ar-005p2s 
038 |a SNKBUCL 
040 |a SNKBUCL  |b slo  |c SNKBUCL  |e AACR2 
041 0 |a slo 
044 |a xo  |c SK 
080 |a 621.791:061.231  |x (100)  |2 1997 
100 1 |a Mráz, Ľuboš,  |d 1935-  |4 aut  |9 103961 
245 1 0 |a 59. výročné zasadanie Medzinárodného zváračského inštitútu - IIW bolo v Québecku, v Kanade  |c Ľuboš Mráz 
246 3 |a Päťdesiate deviate výročné zasadanie Medzinárodnézho zváračského inštitútu - IIW bolo v Québecku, v Kanade 
300 |b Fotogr., tab. 
610 2 7 |a Medzinárodný zváračský inštitút.  |b Výročné zasadanie  |n (59. :  |d 2006)  |2 snkbucl  |9 1455930 
648 7 |a 2006  |2 snkbucl  |9 313148 
650 0 7 |a zváranie  |2 snkbucl  |9 1839 
773 0 |t Zváranie = Svařování  |g Roč. 55, č. 10 (2006), s. 293-294  |x 0044-5525 
850 |a Slovenská národná knižnica 
852 |a Slovenská národná knižnica 
954 |a odborná, vedecká literatúra pôvodná (slovenská)  |2 lita 
958 |a article 
958 |a OND 
958 |a EUIPO 
999 |c 2913079  |d 2915009